书目信息 |
| 题名: |
苹果达人教你玩转全新iPad
|
|
| 作者: | 丰士昌 编著 | |
| 分册: | ||
| 出版信息: | 北京 机械工业出版社 2012.8 |
|
| 页数: | xiii, 246页 | |
| 开本: | 21cm | |
| 丛书名: | ||
| 单 册: | ||
| 中图分类: | TP368.32 | |
| 科图分类: | ||
| 主题词: | 便携式计算机--基本知识 | |
| 电子资源: | ||
| ISBN: | 978-7-111-39364-1 | |
| 000 | 00971nam0 2200229 45 | |
| 001 | 1360559468 | |
| 005 | 20130530165759.95 | |
| 010 | @a978-7-111-39364-1@dCNY39.00 | |
| 100 | @a20130513d2012 em y0chiy0121 ea | |
| 101 | 0 | @achi |
| 102 | @aCN@b110000 | |
| 105 | @aa z 000yy | |
| 106 | @ar | |
| 200 | 1 | @a苹果达人教你玩转全新iPad@APing Guo Da Ren Jiao Ni Wan Zhuan Quan Xin iPad@f丰士昌编著@FFeng Shi Chang Bian Zhu |
| 210 | @a北京@c机械工业出版社@d2012.8 | |
| 215 | @axiii, 246页@c彩图@d21cm | |
| 330 | @a本书以实际操作界面配合详细的操作步骤讲解的方式, 全面介绍全新iPad的使用。作者总结了多年来使用苹果系统和iPad的经验和技巧, 帮助您成为真正的“苹果达人”。本书共17章, 内容丰富实用, 由浅入深, 从iPad的发展史到如何选购iPad, 从基本的操作到越狱破解, 从一般的使用到办公及生活的全面操作。 | |
| 606 | 0 | @a便携式计算机@x基本知识 |
| 690 | @aTP368.32@v5 | |
| 701 | 0 | @a丰士昌@AFeng Shi Chang@4编著 |
| 801 | @aCN@bTANGWEI@c20130523 | |
| 905 | @b0835449-53@dTP368.32@e439@f5 | |
| 苹果达人教你玩转全新iPad/丰士昌编著.-北京:机械工业出版社,2012.8 |
| xiii, 246页:彩图;21cm |
| ISBN 978-7-111-39364-1:CNY39.00 |
| 本书以实际操作界面配合详细的操作步骤讲解的方式, 全面介绍全新iPad的使用。作者总结了多年来使用苹果系统和iPad的经验和技巧, 帮助您成为真正的“苹果达人”。本书共17章, 内容丰富实用, 由浅入深, 从iPad的发展史到如何选购iPad, 从基本的操作到越狱破解, 从一般的使用到办公及生活的全面操作。 |
| ● |
| 相关链接 |
|
|
|
|
正题名:苹果达人教你玩转全新iPad
索取号:TP368.32/439
 
预约/预借
| 序号 | 登录号 | 条形码 | 馆藏地/架位号 | 状态 | 备注 |
| 1 | 0835449 | 208354494 | 第二样本阅览室/ [索取号:TP368.32/439] | 在馆 | |
| 2 | 0835450 | 208354500 | 密集书库-数信学院/ [索取号:TP368.32/439] | 在馆 | |
| 3 | 0835451 | 208354519 | 第三借阅区/ [索取号:TP368.32/439] | 在馆 | |
| 4 | 0835452 | 208354528 | 第三借阅区/ [索取号:TP368.32/439] | 在馆 | |
| 5 | 0835453 | 208354537 | 第三借阅区/ [索取号:TP368.32/439] | 在馆 |